Estrategias y procesos de política exterior en Estados Unidos: 1981-1991
Sábháilte in:
| Príomhchruthaitheoir: | |
|---|---|
| Formáid: | LEABHAR |
| Teanga: | Spáinnis |
| Foilsithe / Cruthaithe: |
Santiago
Fondo de Cultura Económica
2014
|
| Eagrán: | 1a. ed |
| Sraith: | Sección de Obras de Política y Derecho
|
| Ábhair: | |
| Clibeanna: |
Cuir clib leis
Níl clibeanna ann, Bí ar an gcéad duine le clib a chur leis an taifead seo!
|
MARC
| LEADER | 00000cam a2200000 a 4500 | ||
|---|---|---|---|
| 001 | UCD0214 | ||
| 003 | CL-VaPUC | ||
| 005 | 20211109074610.0 | ||
| 008 | 151120e20140000cl |||||||||||||||||spa|d | ||
| 999 | |c 361817 |d 361815 | ||
| 020 | |a 9789562891264 | ||
| 040 | |c Pontificia Universidad Católica de Valparaíso | ||
| 082 | 0 | 4 | |a 327.73 |b INS |2 21 |
| 100 | |a Insulza, José Miguel |e author |9 857988 | ||
| 245 | 1 | 0 | |a Estrategias y procesos de política exterior en Estados Unidos: 1981-1991 |
| 250 | |a 1a. ed | ||
| 260 | |a Santiago |b Fondo de Cultura Económica |c 2014 | ||
| 300 | |a 450 p | ||
| 490 | 0 | |a Sección de Obras de Política y Derecho | |
| 583 | |a last modification |c 20151120 13:39:00 |k Rodrigo Vera | ||
| 650 | 0 | |a Relaciones Exteriores |9 255379 | |
| 650 | 0 | |a Política exterior |9 316628 | |
| 650 | 7 | |a INTERNACIONALIZACION |2 CL-VaPUC |9 408432 | |
| 651 | 0 | |a Estados Unidos |9 255178 | |
| 852 | |a BIBCUR | ||
| 942 | |c BK |2 ddc | ||
| 945 | |d 20151120 13:39:00 |a arojas | ||
| 952 | |0 0 |1 0 |3 erb |4 0 |6 327_730000000000000_INS_2014 |7 0 |8 A |9 472531 |a BIBHIS |b BIBHIS |i 5250242 |o 327.73 INS 2014 |p 5250242 |r 2025-01-20 |w 2019-11-24 |y BK |z Catalogado en:20151120 |k HIS | ||